[Event "9th Leiden Open A 2015"]
[Site "Leiden NED"]
[Date "2015.07.19"]
[Round "3.10"]
[White "Polak, Alexander"]
[Black "Erwich, Frank"]
[Result "0-1"]
[BlackTitle "FM"]
[WhiteElo "2114"]
[BlackElo "2361"]
[WhiteFideId "1039695"]
[BlackFideId "1007076"]
[EventDate "2015.07.17"]

1. e4 e5 2. Nf3 Nc6 3. Bc4 Nf6 4. d3 Bc5 5. Be3 Bxe3 6. fxe3 d6 7. c3 Ne7 8. O-O
Ng6 9. Nbd2 O-O 10. Qe1 c6 11. d4 Qe7 12. Nh4 Nxh4 13. Qxh4 Be6 14. Bd3 Rfe8 15.
Rf3 Nd7 16. Qh5 Nf6 17. Qh4 Nd7 18. Qh5 f6 19. Nf1 Qf7 20. Qh4 Nf8 21. g4 Ng6
22. Qg3 Qd7 23. h3 d5 24. exd5 Bxd5 25. Bf5 Qd6 26. Rf2 Rad8 27. Bxg6 hxg6 28.
a3 g5 29. Rd1 exd4 30. exd4 Qxg3+ 31. Nxg3 Re3 32. Kh2 Rde8 33. Rdd2 Kf7 34.
Rde2 Bc4 35. Rxe3 Rxe3 36. Nf5 Re6 37. Rf3 g6 38. Ne3 Be2 39. Rg3 Bd3 40. Kg1
Re8 41. Kf2 a5 42. b4 axb4 43. axb4 Ra8 44. Ke1 Ra1+ 45. Kd2 Be4 46. Nc4 Ra2+
47. Kd1 Ke6 48. Na5 f5 49. gxf5+ Kxf5 50. Nxb7 Kf4 51. Rg4+ Ke3 52. Kc1 Rc2+ 53.
Kb1 Rxc3+ 54. Kb2 Rc2+ 55. Kb3 Rh2 56. Rxg5 Kxd4 57. Ka4 Rxh3 58. Nd6 Bc2+ 59.
Ka5 Rh5 60. Nf7 Bb3 61. Rxh5 gxh5 62. Ng5 Bc4 63. Kb6 Bb5 64. Nf3+ Ke3 65. Nh4
Kf4 66. Kc5 Kg4 0-1

[Event "9th Leiden Open A 2015"]
[Site "Leiden NED"]
[Date "2015.07.19"]
[Round "3.11"]
[White "Visser, Henk-Jan"]
[Black "Van Halderen, Herman"]
[Result "1/2-1/2"]
[WhiteElo "2272"]
[BlackElo "2052"]
[WhiteFideId "1010204"]
[BlackFideId "1026682"]
[EventDate "2015.07.17"]

1. e4 c5 2. Nf3 d6 3. d4 cxd4 4. Nxd4 Nf6 5. Nc3 a6 6. Be3 e5 7. Nb3 Be6 8. f3
Nbd7 9. Qd2 Be7 10. O-O-O O-O 11. Kb1 b5 12. g4 b4 13. Ne2 a5 14. g5 Nh5 15. Ng3
Nf4 16. h4 a4 17. Nd4 b3 18. Nc6 bxc2+ 19. Qxc2 Qe8 20. Nf5 Bxf5 21. exf5 Nh5
22. f6 gxf6 23. Rg1 Kh8 24. Qe4 Ng7 25. Nxe7 Qxe7 26. gxf6 Nxf6 27. Bh6 Ngh5 28.
Qf5 Rg8 29. Rg5 Ng3 30. Rxg3 Rxg3 31. Bg5 Rxg5 32. hxg5 Ng8 33. Bd3 f6 34. Rh1
Ra7 35. Qc8 f5 36. g6 Rc7 37. Qxf5 h6 38. Qe4 Qg5 39. Qxa4 Qd2 40. Rd1 Qe3 41.
Qe4 Qc5 42. f4 Nf6 43. Qf5 Kg7 44. fxe5 Qxe5 45. a3 Rb7 46. Qxe5 dxe5 47. Bf5 e4
48. Rg1 Re7 49. Kc2 Re5 50. Bh3 Nd5 51. Bf1 e3 52. Bc4 Nf4 53. Kc3 h5 54. b4 h4
55. b5 h3 56. b6 Re7 57. a4 e2 58. Re1 h2 59. Bxe2 Rxe2 60. Rh1 Nd5+ 61. Kd3 Rb2
62. a5 Nxb6 63. axb6 Rxb6 1/2-1/2

[Event "9th Leiden Open A 2015"]
[Site "Leiden NED"]
[Date "2015.07.19"]
[Round "3.13"]
[White "Brantjes, Yme"]
[Black "Overeem, Marc"]
[Result "0-1"]
[BlackTitle "FM"]
[WhiteElo "1937"]
[BlackElo "2216"]
[WhiteFideId "1039539"]
[BlackFideId "1004972"]
[EventDate "2015.07.17"]

1. e4 c5 2. Nf3 Nc6 3. d4 cxd4 4. Nxd4 Qb6 5. Nb3 Nf6 6. Nc3 e6 7. Be3 Qc7 8. f4
Bb4 9. Bd3 Bxc3+ 10. bxc3 d6 11. O-O e5 12. Kh1 Ng4 13. Bg1 exf4 14. Rxf4 Nge5
15. Nd4 a6 16. Nf5 O-O 17. Ne3 Be6 18. Nd5 Bxd5 19. exd5 Ne7 20. Rh4 N7g6 21.
Rh3 Rfe8 22. Bd4 Re7 23. Qh5 h6 24. Rf1 Rae8 25. g4 Nxd3 26. cxd3 Re1 27. Qf5
Rxf1+ 28. Qxf1 Qa5 29. c4 Re1 0-1

[Event "9th Leiden Open A 2015"]
[Site "Leiden NED"]
[Date "2015.07.19"]
[Round "3.14"]
[White "Kerkvliet, Max"]
[Black "Holwijn, Melvin"]
[Result "1-0"]
[WhiteElo "2186"]
[BlackElo "1952"]
[WhiteFideId "1025546"]
[BlackFideId "1017314"]
[EventDate "2015.07.17"]

1. d4 Nf6 2. Nf3 e6 3. c4 b6 4. g3 Bb4+ 5. Bd2 Be7 6. Bg2 Bb7 7. Nc3 O-O 8. O-O
d5 9. cxd5 Nxd5 10. Re1 Nd7 11. e4 Nb4 12. a3 Nc6 13. b4 Nf6 14. Bf4 Qd7 15. Qb3
Nd8 16. Rad1 c6 17. Ne5 Qe8 18. d5 cxd5 19. exd5 Nxd5 20. Nxd5 Bxd5 21. Bxd5
exd5 22. Qxd5 Ne6 23. Nd7 Qc8 24. Nxf8 Nxf4 25. gxf4 Bxf8 26. Rc1 Qg4+ 27. Qg2
Qxg2+ 28. Kxg2 a5 29. Rc4 g6 30. Re5 axb4 31. axb4 Ra4 32. Rb5 Bc5 33. bxc5 Rxc4
34. cxb6 Rc8 35. Kf3 f5 36. Ke3 Kg7 37. Kd4 Kf6 38. b7 Rb8 39. Kd5 h5 40. Rb6+
Ke7 41. Rxg6 1-0

[Event "9th Leiden Open A 2015"]
[Site "Leiden NED"]
[Date "2015.07.19"]
[Round "3.15"]
[White "Van Drunick, Jan-Willem"]
[Black "Heemskerk, Wim"]
[Result "0-1"]
[BlackTitle "FM"]
[WhiteElo "1919"]
[BlackElo "2175"]
[WhiteFideId "1028650"]
[BlackFideId "1001000"]
[EventDate "2015.07.17"]

1. d4 Nf6 2. c4 g6 3. Nc3 Bg7 4. e4 d6 5. h3 O-O 6. Be3 Na6 7. Nf3 e5 8. d5 Nh5
9. g3 f5 10. exf5 gxf5 11. Ne2 Nc5 12. Nc3 Qe8 13. Be2 f4 14. Bxc5 dxc5 15. g4
e4 16. Nh4 f3 17. gxh5 Qxh5 18. Nxf3 exf3 19. Bd3 Bf5 20. Qc2 Rae8+ 21. Kd1 Bxd3
22. Qxd3 Rf4 23. Kc2 Rd4 24. Qf1 Qf5+ 25. Kb3 Rd2 26. Rc1 Qg6 27. Na4 Ree2 0-1

[Event "9th Leiden Open A 2015"]
[Site "Leiden NED"]
[Date "2015.07.19"]
[Round "3.17"]
[White "Dellert, Lena"]
[Black "Wallgren, Ulf"]
[Result "1-0"]
[WhiteElo "1835"]
[BlackElo "2141"]
[WhiteFideId "12991511"]
[BlackFideId "1706527"]
[EventDate "2015.07.17"]

1. e4 e6 2. d4 d5 3. Nd2 Nf6 4. e5 Nfd7 5. Bd3 c5 6. c3 Nc6 7. Ne2 cxd4 8. cxd4
Qb6 9. Nf3 f6 10. exf6 Nxf6 11. O-O Bd6 12. Bf4 Bxf4 13. Nxf4 O-O 14. Qd2 Ne4
15. Qe3 Nxd4 16. Nxd4 Rxf4 17. Qxf4 Qxd4 18. Bxe4 dxe4 19. Rad1 Qb6 20. Rfe1 e5
21. Qxe5 Bg4 22. Qd5+ Be6 23. Qxe4 Bxa2 24. b4 Rf8 25. Qd4 Qb5 26. Re7 Bf7 27.
Qxa7 Qxb4 28. Qxb7 Qc3 29. Qc7 Qb2 30. Qg3 Qc2 31. Rde1 Qb2 32. h3 Qd2 33. Qe3
Qb2 34. Rc1 Qf6 35. Rcc7 Qa1+ 36. Kh2 Qf6 37. f3 Qd6+ 38. Qe5 Qb4 39. Rb7 Qa3
40. Qc7 Qa2 41. Rb8 g6 42. Rxf8+ Kxf8 43. Qd8+ Kg7 44. Qd4+ Kf8 45. Ra7 Qd5 46.
Qh8+ Bg8 47. Qg7+ Ke8 48. Qe7# 1-0

[Event "9th Leiden Open A 2015"]
[Site "Leiden NED"]
[Date "2015.07.19"]
[Round "3.18"]
[White "Jongste, David"]
[Black "Van der Raaf, Erik"]
[Result "0-1"]
[WhiteElo "1976"]
[BlackElo "2110"]
[WhiteFideId "1042637"]
[BlackFideId "1004115"]
[EventDate "2015.07.17"]

1. e4 e6 2. d4 d5 3. Nd2 Be7 4. e5 c5 5. c3 Nc6 6. Bd3 Bd7 7. Qg4 Kf8 8. Ne2
cxd4 9. cxd4 Nb4 10. Bb1 Bb5 11. O-O Rc8 12. Re1 Nh6 13. Qf3 Bxe2 14. Qxe2 Nc2
15. Bxc2 Rxc2 16. Qd3 Qc7 17. Nb3 Nf5 18. Be3 Qc4 19. Qd1 Bb4 20. Rf1 Ke7 21.
Rc1 Rc8 22. Qf3 Qb5 23. g4 Nxe3 24. fxe3 Qe8 25. a3 Rxc1 26. Nxc1 Ba5 27. Qf4
Rc2 28. Nd3 Bb6 29. h4 Kf8 30. g5 Rd2 31. Nf2 Bd8 32. Ng4 Rxb2 33. h5 b5 34. g6
hxg6 35. hxg6 b4 36. Qxf7+ Qxf7 37. Rxf7+ Ke8 38. Rxg7 bxa3 39. Nf6+ Bxf6 40.
exf6 a2 41. Rxa7 Rb1+ 42. Kg2 a1=Q 0-1

[Event "9th Leiden Open A 2015"]
[Site "Leiden NED"]
[Date "2015.07.19"]
[Round "3.19"]
[White "Roozendaal, Marc"]
[Black "Sorensen, Bent"]
[Result "0-1"]
[BlackTitle "FM"]
[WhiteElo "1989"]
[BlackElo "2217"]
[WhiteFideId "1003488"]
[BlackFideId "1400410"]
[EventDate "2015.07.17"]

1. d4 e6 2. c4 Bb4+ 3. Nc3 c5 4. a3 Bxc3+ 5. bxc3 Nf6 6. Qc2 Nc6 7. Nf3 d6 8.
Bf4 Nh5 9. Be3 Qa5 10. Nd2 cxd4 11. cxd4 f5 12. g4 fxg4 13. Bg2 O-O 14. O-O e5
15. d5 Ne7 16. c5 Nf5 17. cxd6 Nxd6 18. Bc5 Bf5 19. e4 Rac8 20. Nb3 Qa4 21. Qb2
Bxe4 22. f3 gxf3 23. Qxe5 Qxb3 24. Qe6+ Kh8 25. Qxd6 Rfd8 26. Qe7 Re8 27. Qg5
Qxd5 28. Be3 Qxg5 0-1

[Event "9th Leiden Open A 2015"]
[Site "Leiden NED"]
[Date "2015.07.19"]
[Round "3.21"]
[White "Halfhide, Sebastian"]
[Black "Erwich, Frans"]
[Result "1-0"]
[WhiteElo "2091"]
[BlackElo "1974"]
[WhiteFideId "1045946"]
[BlackFideId "1004638"]
[EventDate "2015.07.17"]

1. e4 c5 2. Nf3 e6 3. d4 cxd4 4. Nxd4 Nf6 5. Nc3 d6 6. Be3 a6 7. f3 b5 8. Qd2
Nbd7 9. g4 Nb6 10. a4 bxa4 11. Nxa4 Nxa4 12. Rxa4 Bb7 13. g5 Nd7 14. Bd3 Be7 15.
O-O O-O 16. Rfa1 Nc5 17. R4a2 Nxd3 18. cxd3 Rc8 19. Rc1 Rxc1+ 20. Qxc1 Qb8 21.
Nc6 Bxc6 22. Qxc6 Qb3 23. Qxa6 Qd1+ 24. Kg2 f6 25. g6 f5 26. Qc4 Qe2+ 27. Bf2
Rf6 28. exf5 Rxf5 29. Qg4 hxg6 30. h4 e5 31. Qe4 Rf4 32. Qxe2 1-0

[Event "9th Leiden Open A 2015"]
[Site "Leiden NED"]
[Date "2015.07.19"]
[Round "3.22"]
[White "Corstjens, Rolf"]
[Black "Den Hartog, Marijn"]
[Result "1-0"]
[WhiteElo "1953"]
[BlackElo "2088"]
[WhiteFideId "1045687"]
[BlackFideId "1046098"]
[EventDate "2015.07.17"]

1. e4 e5 2. Nf3 Nc6 3. Bb5 a6 4. Ba4 Nf6 5. d3 d6 6. c3 b5 7. Bc2 g6 8. O-O Bg7
9. b4 O-O 10. a4 Rb8 11. axb5 axb5 12. Nbd2 Re8 13. Nb3 h6 14. Bd2 Be6 15. Qc1
Kh7 16. Qb2 Bf8 17. Ra6 Qd7 18. Rfa1 Rbd8 19. d4 Bxb3 20. Qxb3 exd4 21. Rxc6
Qxc6 22. Qxf7+ Bg7 23. Nh4 Qd7 24. Qxg6+ Kg8 25. Nf5 Re6 26. Bb3 d5 27. exd5 Rd6
28. Bxh6 Ne8 29. Nxd6 cxd6 30. cxd4 Kf8 31. Re1 Ra8 32. Bc2 Bxh6 33. Qxh6+ Kg8
34. Qe6+ Qxe6 35. dxe6 1-0

[Event "9th Leiden Open A 2015"]
[Site "Leiden NED"]
[Date "2015.07.19"]
[Round "3.23"]
[White "Ratsma, Rosa"]
[Black "Veenendaal, Loek"]
[Result "1-0"]
[WhiteElo "2088"]
[BlackElo "1993"]
[WhiteFideId "1033662"]
[BlackFideId "1049259"]
[EventDate "2015.07.17"]

1. e4 c6 2. Nc3 d5 3. Qe2 d4 4. Nd1 e5 5. d3 c5 6. f4 Bd6 7. g3 Nc6 8. Nf3 f6 9.
Bg2 Be6 10. O-O Qc7 11. f5 Bf7 12. Kh1 Nb4 13. b3 b5 14. c3 Nc6 15. Bb2 Nge7 16.
Nf2 O-O 17. g4 dxc3 18. Bxc3 Nd4 19. Bxd4 exd4 20. Rac1 Nc6 21. e5 fxe5 22. Ne4
c4 23. bxc4 bxc4 24. dxc4 Ba3 25. Rcd1 Rab8 26. Nfg5 Rb2 27. Qd3 Be7 28. Qh3 h6
29. Nxf7 Rxf7 30. f6 Bxf6 31. Nxf6+ Rxf6 32. Rxf6 gxf6 33. Qxh6 Rf2 34. Bd5+ 1-0

[Event "9th Leiden Open A 2015"]
[Site "Leiden NED"]
[Date "2015.07.19"]
[Round "3.24"]
[White "De Mooij, Marco"]
[Black "Van der Scheer, Henk"]
[Result "0-1"]
[WhiteElo "1929"]
[BlackElo "2049"]
[WhiteFideId "1031007"]
[BlackFideId "1051458"]
[EventDate "2015.07.17"]

1. e4 c5 2. Nf3 d6 3. d4 cxd4 4. Nxd4 Nf6 5. Nc3 g6 6. Bg5 Bg7 7. Bb5+ Bd7 8.
Qe2 Nc6 9. Bxc6 bxc6 10. O-O-O O-O 11. e5 dxe5 12. Nxc6 Bxc6 13. Rxd8 Rfxd8 14.
f3 Rab8 15. Rd1 Rdc8 16. Bxf6 Bxf6 17. Ne4 Bg7 18. Qa6 Bh6+ 19. Kb1 Be3 20. Qa3
Bd4 21. b3 Rc7 22. Qa5 Rbc8 23. c4 Bd7 24. Rd3 Be6 25. Kc2 h6 26. Kd2 f5 27. Nc3
Kf8 28. f4 Bxc4 29. bxc4 Rxc4 30. fxe5 Bxc3+ 31. Rxc3 Rxc3 32. Qxa7 Rc2+ 33. Kd3
Rxg2 34. Qb7 Rd8+ 35. Ke3 Rxa2 36. Qb6 Rad2 37. e6 R8d6 0-1

[Event "9th Leiden Open A 2015"]
[Site "Leiden NED"]
[Date "2015.07.19"]
[Round "3.27"]
[White "Vreeburg, Jan"]
[Black "Bebchuk, Leonid"]
[Result "1-0"]
[WhiteElo "1901"]
[BlackElo "2072"]
[WhiteFideId "1019066"]
[BlackFideId "2803305"]
[EventDate "2015.07.17"]

1. d4 Nf6 2. Nf3 d5 3. c4 e6 4. Nc3 Be7 5. Bf4 O-O 6. e3 c6 7. Bd3 Nbd7 8. Qc2
dxc4 9. Bxc4 Nb6 10. Bb3 Nbd5 11. Bg3 b6 12. O-O Bb7 13. Rfd1 Nh5 14. Be5 f6 15.
Nxd5 exd5 16. Bg3 Nxg3 17. hxg3 Kh8 18. Rac1 Bd6 19. Qd3 Re8 20. Bc2 g6 21. Nh4
Qe7 22. Qe2 f5 23. Ba4 Rac8 24. Bc2 Qf6 25. Nf3 Rc7 26. Qd3 Rce7 27. Ba4 b5 28.
Bc2 Bc8 29. a4 b4 30. a5 Bc7 31. Ba4 Re6 32. Rc5 g5 33. Rdc1 Bb7 34. a6 Ba8 35.
Rxd5 cxd5 36. Bxe8 Qd8 37. Bf7 Rc6 38. Rxc6 Bxc6 39. Qxf5 Qd7 40. Qf6# 1-0

[Event "9th Leiden Open A 2015"]
[Site "Leiden NED"]
[Date "2015.07.20"]
[Round "4.1"]
[White "Howell, David W L"]
[Black "Nikolic, Predrag"]
[Result "1-0"]
[WhiteTitle "GM"]
[BlackTitle "GM"]
[WhiteElo "2698"]
[BlackElo "2601"]
[WhiteFideId "410608"]
[BlackFideId "14400014"]
[EventDate "2015.07.17"]

1. e4 e6 2. d4 d5 3. Nd2 c5 4. Ngf3 Nf6 5. e5 Nfd7 6. c3 Be7 7. Bd3 b6 8. O-O
Ba6 9. Ne1 Bxd3 10. Nxd3 Nc6 11. Qg4 g6 12. Nf3 c4 13. Nde1 h6 14. Nc2 Qc7 15.
Bd2 O-O-O 16. h4 Kb8 17. b3 Na5 18. Rfb1 Ka8 19. b4 Nb7 20. a4 a6 21. Ne3 Rdg8
22. Qh3 Nd8 23. Ng4 g5 24. h5 Re8 25. Re1 Nc6 26. Re2 Kb7 27. Rae1 b5 28. a5 Rc8
29. Rc1 Qd8 30. Re3 Qg8 31. Nfh2 Qh7 32. Qf3 Rce8 33. Qe2 Bd8 34. Rf3 Rhf8 35.
Re1 Ne7 36. Qd1 Nf5 37. Qb1 Rh8 38. Nf1 Ref8 39. Nfe3 Ng7 40. Qxh7 Rxh7 41. Rh3
f5 42. exf6 Bxf6 43. Nf1 Bd8 44. Nfh2 Bc7 45. Rf3 Bxh2+ 46. Nxh2 Rxf3 47. Nxf3
Nf6 48. g3 g4 49. Nh2 Kc8 50. Bf4 Kd7 51. Be5 Ngxh5 52. Kf1 Rg7 53. Ke2 Rg8 54.
Rh1 Ne4 55. Nxg4 Rxg4 56. Rxh5 Rg6 57. Rh1 Nxc3+ 58. Ke3 Na2 59. Rb1 Rg8 60. Rh1
c3 61. Kd3 Rc8 62. Rxh6 Nxb4+ 63. Ke2 Na2 64. Kd3 b4 65. Kc2 Rc4 66. Bf4 Rxd4
67. Rh7+ Ke8 68. Kb3 e5 69. Bg5 c2 70. Kxa2 1-0

[Event "9th Leiden Open A 2015"]
[Site "Leiden NED"]
[Date "2015.07.20"]
[Round "4.2"]
[White "Erwich, Frank"]
[Black "Postny, Evgeny"]
[Result "0-1"]
[WhiteTitle "FM"]
[BlackTitle "GM"]
[WhiteElo "2361"]
[BlackElo "2642"]
[WhiteFideId "1007076"]
[BlackFideId "2804344"]
[EventDate "2015.07.17"]

1. e4 c6 2. c4 d5 3. exd5 Nf6 4. Nc3 cxd5 5. cxd5 Nxd5 6. Nf3 Nc6 7. d4 Be6 8.
Ng5 Qb6 9. Nxe6 fxe6 10. Be2 g6 11. O-O Bg7 12. Bg4 Nxd4 13. Qa4+ Qc6 14. Qxc6+
bxc6 15. Bd2 Rb8 16. Na4 h5 17. Bd1 Kf7 18. Rc1 Rhd8 19. Re1 Nb4 20. Bxb4 Rxb4
21. a3 Rb5 22. Be2 Ra5 23. Bd1 Rf5 24. Nc5 a5 25. Rc4 Rb8 26. b4 axb4 27. axb4
Ra8 28. Nb3 Rf4 29. Rc5 Ra2 30. Nc1 Rd2 31. Rf1 Nf5 32. Nb3 Rb2 33. Rxc6 Rxb4
34. Nc5 Nd4 35. Ra6 Rb1 36. Ra4 R4b2 37. Ne4 Rc1 38. Ng5+ Kg8 39. Ra8+ Bf8 40.
Nf3 Rbb1 0-1

[Event "9th Leiden Open A 2015"]
[Site "Leiden NED"]
[Date "2015.07.20"]
[Round "4.3"]
[White "Tiviakov, Sergei"]
[Black "Das, Arghyadip"]
[Result "1/2-1/2"]
[WhiteTitle "GM"]
[BlackTitle "IM"]
[WhiteElo "2639"]
[BlackElo "2457"]
[WhiteFideId "1008013"]
[BlackFideId "5003610"]
[EventDate "2015.07.17"]

1. e4 e5 2. Nf3 Nf6 3. Nxe5 d6 4. Nf3 Nxe4 5. Bd3 Nf6 6. h3 Be7 7. O-O O-O 8. c3
b6 9. Bc2 Bb7 10. d4 Nbd7 11. Re1 Re8 12. Bf4 Bf8 13. Nbd2 Rxe1+ 14. Qxe1 g6 15.
Bb3 Qe7 16. Qf1 Bg7 17. a4 a6 18. Qd3 Nd5 19. Re1 Qf8 20. Bg5 N7f6 21. Nf1 Re8
22. Rxe8 Qxe8 23. Ng3 b5 1/2-1/2

[Event "9th Leiden Open A 2015"]
[Site "Leiden NED"]
[Date "2015.07.20"]
[Round "4.4"]
[White "Chatalbashev, Boris"]
[Black "Pijpers, Arthur"]
[Result "1-0"]
[WhiteTitle "GM"]
[WhiteElo "2516"]
[BlackElo "2433"]
[WhiteFideId "2900440"]
[BlackFideId "1019554"]
[EventDate "2015.07.17"]

1. Nf3 d5 2. g3 g6 3. c4 dxc4 4. Na3 Bg7 5. Nxc4 Nf6 6. Bg2 O-O 7. d3 Nc6 8. Bd2
Nd5 9. Rc1 e5 10. O-O Re8 11. a3 h6 12. b4 a6 13. Qc2 Bg4 14. Na5 Nxa5 15. bxa5
c6 16. Rb1 Rb8 17. Rb3 Nc7 18. a4 Ne6 19. e3 Qd7 20. Rfb1 Nd8 21. Bc3 c5 22. Nd2
Be6 23. Rb6 Rc8 24. Nc4 Bxc4 25. dxc4 Rc7 26. Rd1 Qe7 27. Bd5 Kh7 28. h4 h5 29.
Qb2 Qd7 30. Rb1 Qxa4 31. Rd6 Bf8 32. Bxe5 Bxd6 33. Bxd6 Rc8 34. Qf6 Qc2 35. Rxb7
Nxb7 36. Qxf7+ Kh8 37. Qf6+ Kh7 38. Qf7+ Kh8 39. Qxb7 Qc3 40. Qxa6 Rf8 41. Bf4
Qg7 42. Qb6 Rxf4 43. gxf4 Rc7 44. a6 Qa1+ 45. Kg2 Rg7 46. Bb7 Qd1 47. Qe6 Qa1
48. Qe5 Qd1 49. Qg5 Qa1 50. Qh6+ Kg8 51. Bd5+ Kf8 52. a7 1-0

[Event "9th Leiden Open A 2015"]
[Site "Leiden NED"]
[Date "2015.07.20"]
[Round "4.5"]
[White "Petrov, Marian"]
[Black "Van der Marel, Lambertus"]
[Result "0-1"]
[WhiteTitle "GM"]
[WhiteElo "2487"]
[BlackElo "2161"]
[WhiteFideId "2901773"]
[BlackFideId "1005855"]
[EventDate "2015.07.17"]

1. e4 e5 2. Nf3 Nc6 3. Bc4 Nf6 4. d3 Bc5 5. c3 d6 6. O-O O-O 7. Bb3 a6 8. h3 Ba7
9. Re1 Ne7 10. Nbd2 Ng6 11. Nf1 Be6 12. Ng3 h6 13. d4 Nh7 14. Be3 c5 15. Nf5 Qf6
16. Bc2 Rfd8 17. Nh2 Bxf5 18. exf5 Ngf8 19. Qh5 cxd4 20. cxd4 exd4 21. Bd2 d3
22. Bb3 d5 23. Bc3 Qg5 24. Qf3 Nf6 25. Ng4 Ne4 26. Rxe4 dxe4 27. Qxe4 d2 28. h4
Qh5 29. Bd1 Qxh4 30. Nf6+ Qxf6 31. Bxf6 gxf6 32. Qxb7 Rac8 33. Qxa7 Rc1 34. Qe7
Rd7 35. Qe2 Rxa1 36. Kh2 Rxa2 37. Qg4+ Kh7 38. Qb4 Ra1 39. Bh5 Kg7 40. Qg4+ Ng6 0-1

[Event "9th Leiden Open A 2015"]
[Site "Leiden NED"]
[Date "2015.07.20"]
[Round "4.6"]
[White "Heemskerk, Wim"]
[Black "Milov, Leonid"]
[Result "0-1"]
[WhiteTitle "FM"]
[BlackTitle "GM"]
[WhiteElo "2175"]
[BlackElo "2462"]
[WhiteFideId "1001000"]
[BlackFideId "14101068"]
[EventDate "2015.07.17"]

1. c4 f5 2. g3 Nf6 3. Bg2 e5 4. d4 Bb4+ 5. Bd2 Bxd2+ 6. Qxd2 d6 7. dxe5 dxe5 8.
Qxd8+ Kxd8 9. Nc3 c6 10. Nf3 Re8 11. O-O Kc7 12. Rfd1 a5 13. Rac1 Nbd7 14. Na4
Nb6 15. Nc5 Nfd7 16. Nxd7 Nxd7 17. Ng5 Nf6 18. Nf7 Re7 19. Nd6 Be6 20. a3 a4 21.
e4 fxe4 22. Nxe4 Nd7 23. Re1 h6 24. Re3 Bf5 25. c5 Ra5 26. Nd6 Be6 27. Ne4 Bd5
28. Rec3 Bxe4 29. Bxe4 Nf6 30. Bf5 e4 31. Rc4 Re5 32. Bg6 e3 33. fxe3 Rxe3 34.
Bc2 Re2 35. Bxa4 Rxb2 36. Re1 Rd2 37. Re3 Nd5 38. Rf3 Nf6 39. Re3 Ra8 40. Re7+
Rd7 41. Re3 Re8 42. Rxe8 Nxe8 43. Bc2 Nf6 44. g4 Rd2 45. Bf5 Nd5 46. Be6 Nf6 47.
h4 Re2 48. Bf5 Nd5 49. Bd3 Ra2 50. a4 Ra3 51. Rd4 g5 52. hxg5 hxg5 53. Kf2 Nf4
54. Bf5 Nd5 55. Bd3 Rc3 56. Bc4 Nf6 57. Ke2 Nd7 58. Kd2 Ra3 59. Rd6 Rxa4 60. Kc3
Nxc5 61. Rg6 b5 0-1

[Event "9th Leiden Open A 2015"]
[Site "Leiden NED"]
[Date "2015.07.20"]
[Round "4.7"]
[White "De Jong, Jan-Willem"]
[Black "Overeem, Marc"]
[Result "1-0"]
[WhiteTitle "IM"]
[BlackTitle "FM"]
[WhiteElo "2448"]
[BlackElo "2216"]
[WhiteFideId "1008641"]
[BlackFideId "1004972"]
[EventDate "2015.07.17"]

1. d4 Nf6 2. c4 g6 3. Nc3 Bg7 4. e4 d6 5. Be2 O-O 6. Bg5 Na6 7. Nf3 h6 8. Be3 e5
9. O-O Ng4 10. Bc1 exd4 11. Nxd4 Qh4 12. h3 Ne5 13. f4 Nc6 14. Nf3 Qe7 15. Nd5
Qxe4 16. Bd3 Qe8 17. f5 gxf5 18. Bxh6 Ncb4 19. Re1 Qd8 20. Ne7+ Kh8 1-0

[Event "9th Leiden Open A 2015"]
[Site "Leiden NED"]
[Date "2015.07.20"]
[Round "4.8"]
[White "Gindi, Shachar"]
[Black "Kerkvliet, Max"]
[Result "1-0"]
[WhiteTitle "FM"]
[WhiteElo "2336"]
[BlackElo "2186"]
[WhiteFideId "2804182"]
[BlackFideId "1025546"]
[EventDate "2015.07.17"]

1. c4 e6 2. g3 d5 3. Bg2 Nf6 4. Nf3 Be7 5. O-O O-O 6. b3 b6 7. Bb2 Bb7 8. e3 c5
9. Nc3 Nc6 10. cxd5 exd5 11. d4 cxd4 12. Nxd4 Nxd4 13. Qxd4 Bc5 14. Qd3 Qd7 15.
Rfd1 Rfd8 16. Ne2 Qd6 17. Nd4 Bxd4 18. Qxd4 Qe7 19. Rd2 Re8 20. a4 Qe6 21. Bc3
Rac8 22. a5 bxa5 23. Rxa5 Qb6 24. Rxa7 Qxb3 25. Bb2 Rc4 26. Qd3 Qxd3 27. Rxd3
Rb4 28. Rd2 Rc8 29. f3 Ra8 30. Rxa8+ Bxa8 31. e4 Rb5 32. f4 h6 33. Bxf6 gxf6 34.
exd5 Rb8 35. d6 Kg7 36. d7 Bxg2 37. Kxg2 Rd8 38. Kh3 f5 39. Kh4 f6 40. Kh5 Kf7
41. h3 Kg7 42. Rd3 Kf7 43. h4 Kg7 44. g4 Kh7 45. Rd1 Kg7 46. Rd5 Kf7 47. Rxf5
Kg7 48. Rd5 Kf7 49. g5 Ke6 50. Rd1 hxg5 51. hxg5 Kf5 52. Kh6 1-0

[Event "9th Leiden Open A 2015"]
[Site "Leiden NED"]
[Date "2015.07.20"]
[Round "4.9"]
[White "Dellert, Lena"]
[Black "Wilschut, Peter"]
[Result "1/2-1/2"]
[WhiteElo "1835"]
[BlackElo "2238"]
[WhiteFideId "12991511"]
[BlackFideId "1007165"]
[EventDate "2015.07.17"]

1. e4 e6 2. d4 d5 3. Nd2 Nf6 4. e5 Nfd7 5. Bd3 c5 6. c3 Nc6 7. Ne2 cxd4 8. cxd4
f6 9. exf6 Qxf6 10. Nf3 h6 11. Qc2 Bb4+ 12. Bd2 O-O 13. Bxb4 Nxb4 14. Qb3 Nxd3+
15. Qxd3 Nb8 16. O-O Nc6 17. Nc3 Bd7 18. Rae1 Rac8 19. Re3 Be8 20. Rfe1 Bg6 21.
Qd2 Bf5 22. Ne5 Nxe5 23. Rxe5 Qh4 24. f3 h5 25. Qf2 Qf6 26. Qe3 Rc4 27. b3 Rc6
28. Ne2 Rc2 29. Ng3 Qg6 30. Re2 Rxe2 31. Qxe2 Rc8 32. Nxf5 exf5 33. Rxd5 Rc1+
34. Kf2 f4 35. Rc5 Rxc5 36. dxc5 Qg5 37. Qe8+ Kh7 38. Qe4+ Kh8 39. b4 Qh4+ 40.
Kg1 Kg8 41. g3 Qd8 42. gxf4 h4 43. Kg2 Qd2+ 44. Kh3 Qxa2 45. f5 Qf2 46. Qg4 Qf1+
47. Kxh4 Qf2+ 48. Kh3 Qf1+ 49. Qg2 Qd3 50. Qg4 Qf1+ 51. Kh4 Qf2+ 52. Kg5 Qxh2
53. Qe4 Qg3+ 54. Qg4 Qh2 55. Qc4+ Kf8 56. Kg4 a6 57. Qd4 Qg2+ 58. Kf4 Qh2+ 59.
Ke4 Qe2+ 60. Kf4 Qh2+ 61. Ke3 Qg1+ 62. Ke4 Qe1+ 63. Kd5 Qe2 64. Qe4 Qb5 65. f4
Qd7+ 66. Kc4 Qb5+ 67. Kc3 a5 68. bxa5 Qxc5+ 69. Kd3 Qxa5 70. Qxb7 Qxf5+ 71. Qe4
Qb5+ 72. Kd4 1/2-1/2

[Event "9th Leiden Open A 2015"]
[Site "Leiden NED"]
[Date "2015.07.20"]
[Round "4.10"]
[White "Van Delft, Merijn"]
[Black "Halfhide, Sebastian"]
[Result "1/2-1/2"]
[WhiteTitle "IM"]
[WhiteElo "2428"]
[BlackElo "2091"]
[WhiteFideId "1004670"]
[BlackFideId "1045946"]
[EventDate "2015.07.17"]

1. e4 e5 2. Nf3 Nc6 3. Bb5 a6 4. Ba4 Nf6 5. O-O b5 6. Bb3 Bb7 7. d3 Bc5 8. Nc3
d6 9. a3 h6 10. Be3 O-O 11. Qd2 Bc8 12. a4 Rb8 13. axb5 axb5 14. h3 Be6 15. Bxe6
fxe6 16. Bxc5 dxc5 17. Ne2 Qd6 18. Qe3 Nd4 19. Nfxd4 cxd4 20. Qd2 Nh5 21. g3 Ra8
22. Kg2 Kh7 23. Ng1 Qe7 24. Qe2 Qg5 25. Qg4 Qxg4 26. hxg4 Nf6 27. g5 Ng4 28.
Rxa8 Rxa8 29. gxh6 Kxh6 30. Nf3 g5 31. Rb1 Ra2 32. Nd2 Nf6 33. Nb3 Nd7 34. f4 c5
35. fxe5 Kg6 36. Kh3 Kg7 1/2-1/2